000 00367 a2200145 4500
001 170969
020 _a
040 _cMagnum
100 _aFeio, Renato Neves
240 1 0 _aAnfibios do parque estadual do rio doce (minas gerais)
_lpor
245 1 0 _aAnfibios do parque estadual do rio doce (minas gerais)
362 0 _a1899
697 _aSERES VIVOS
942 _cBK
999 _c170969
_d170969